000 00587nam a2200217Ii 4500
003 JO-AjNU
008 230606s9999||||xx |||||||||||||| ||und||
020 _a0-13-038488-7
040 _aJO-AjNU
_beng
_erda
_cJO-AjNU
041 _aeng
050 1 4 _aTK5105.5.T36 2003
100 3 _aTanenbaum, Andrew s,
_eauthor
_93538
245 0 0 _aComputer Networks
250 _a4 ed
264 3 1 _aNew Jersy:pearson,2011
300 _a890p
336 _atext
_btxt
_2rdacontent
337 _aunmediated
_bn
_2rdamedia
338 _avolume
_bnc
_2rdacarrier
650 4 _aComputer Networks
_93539
999 _aE1847
_c1847
_d1847